Impacto de la cultura en la economía chilena: participación de algunas actividades en el PIB. Indicadores y fuentes disponibles
Saved in:
| Format: | Bog |
|---|---|
| Sprog: | spansk |
| Udgivet: |
Bogotá
Consejo Nacional de la Cultura y las Artes
2003
Bogotá Universidad ARCIS 2003 Bogotá Convenio Andrés Bello 2003 |
| Serier: | Colección Economía y Cultura
|
| Fag: | |
| Tags: |
Tilføj Tag
Ingen Tags, Vær først til at tagge denne postø!
|
MARC
| LEADER | 00000nam a2200000 a 4500 | ||
|---|---|---|---|
| 001 | UCL8320 | ||
| 003 | CL-VaPUC | ||
| 008 | 040618e20030000ck |||||||||||||||||spa|d | ||
| 020 | |a 9586981266 | ||
| 082 | 0 | 4 | |a 306 |b IMP |2 21 |
| 245 | 1 | 0 | |a Impacto de la cultura en la economía chilena: participación de algunas actividades en el PIB. Indicadores y fuentes disponibles |
| 300 | |a 99 p | ||
| 942 | |c BK | ||
| 945 | |d 20040618 00:00:00 |a cmena | ||
| 260 | |a Bogotá |b Consejo Nacional de la Cultura y las Artes |c 2003 | ||
| 260 | |a Bogotá |b Universidad ARCIS |c 2003 | ||
| 260 | |a Bogotá |b Convenio Andrés Bello |c 2003 | ||
| 650 | 0 | |a Desarrollo cultural |9 267526 | |
| 650 | 0 | |a Desarrollo económico y social |9 256320 | |
| 650 | 0 | |a Política cultural |9 316492 | |
| 650 | 0 | |a Actividades culturales |9 335506 | |
| 651 | 7 | |a CHILE |2 CL-VaPUC |9 486249 | |
| 583 | |a last modification |c 20171005 04:15:28 |k Rodrigo Vera | ||
| 490 | 0 | |a Colección Economía y Cultura | |
| 999 | |c 309667 |d 309665 | ||
| 952 | |0 0 |1 0 |4 0 |6 306_000000000000000_IMP_2003_2003_2003 |7 0 |8 A |9 377312 |a BIBEDU |b BIBEDU |d 2019-11-21 |i 3998495 |o 306 IMP 2003 2003 2003 |p 3998495 |r 2019-11-21 |w 2019-11-21 |y BK |k BME | ||